000 00499cam a2200193ua 4500
001 2374
008 110806n ii |||gr||||Z||||||eng
020 _a81-7041-708-2
040 _cMAIN
082 _a327
100 _aMalhotra, Vinay Kumar.,
245 _aInternational Relations.
_cBy Binay Kumar Malhotra.
250 _a1st.
260 _aNew Delhi:
_bAnmol publications.,999.
300 _a543 p.:
_c23 cm.
653 _aPolitical science.
653 _aInternational relations
942 _cBK
999 _c2231
_d2231